Biggest Cities in Campeche - Statistics

General Stats
  • This quiz has been taken 19 times
  • The average score is 5 of 20
Answer Stats
Population City % Correct
191,238 Ciudad del Carmen
100%
35,799 Champotón
30%
249,623 San Francisco de Campeche
30%
15,949 Calkiní
20%
11,121 Candelaria
20%
6,295 Chiná
20%
31,375 Escárcega
20%
11,419 Hecelchakán
20%
8,048 Hopelchén
20%
7,620 Isla Aguada
20%
8,971 Lerma
20%
7,744 Sabancuy
20%
9,515 Seybaplaya
20%
8,748 Tenabo
20%
5,729 Xpujil
20%
6,801 Bécal
10%
13,208 Dzitbalché
10%
5,266 Nuevo Progreso
10%
6,485 Nunkiní
10%
9,607 Pomuch
10%
No matching quizzes found
Score Distribution
Percent of People with Each Score
Percentile by Number Answered
Your Score History
You have not taken this quiz